Loading...
History - World History | 1 | 6 | 1 | 2 | 70 | 71 | 120.00 | 2 | 3 |
Fine Arts - Classical Music and Opera | 1 | 3 | 2 | 1 | 35 | 73 | 116.75 | 1 | 3 |
Fine Arts - Other Fine Arts | 0 | 3 | 0 | 0 | 30 | 120 | 125.00 | 0 | 1 |
History - Other History | 0 | 2 | 0 | 1 | 20 | 92 | 121.50 | 0 | 1 |
Science - Chemistry | 0 | 2 | 0 | 0 | 20 | 143 | 148.00 | 0 | 0 |
Philosophy | 0 | 2 | 0 | 0 | 20 | 91 | 107.50 | 0 | 0 |
History - European History | 0 | 3 | 2 | 1 | 20 | 87 | 109.00 | 0 | 1 |
Social Science | 0 | 2 | 1 | 0 | 15 | 83 | 103.50 | 0 | 1 |
History - US History | 1 | 0 | 0 | 0 | 15 | 91 | 91.00 | 0 | 1 |
Beliefs | 0 | 1 | 0 | 0 | 10 | 140 | 140.00 | 0 | 0 |
Literature - European Literature | 0 | 1 | 0 | 1 | 10 | 153 | 153.00 | 0 | 0 |
Literature - World Literature | 0 | 1 | 0 | 1 | 10 | 150 | 150.00 | 0 | 0 |
Literature - British Literature | 0 | 1 | 0 | 0 | 10 | 151 | 151.00 | 0 | 0 |
Science - Biology | 0 | 1 | 0 | 0 | 10 | 143 | 143.00 | 0 | 0 |
Geography | 0 | 1 | 2 | 1 | 0 | 151 | 151.00 | 0 | 0 |
Fine Arts - Visual Fine Arts | 0 | 0 | 1 | 0 | -5 | 0.00 | 0 | 0 |